| 000 | 00533nam a2200193 a 4500 | ||
|---|---|---|---|
| 005 | 20220521063720.0 | ||
| 008 | 040301s2000 mx r 000 0 spa d | ||
| 020 | _a8495501422 | ||
| 035 | _aUPN01000132284 | ||
| 049 | _aCG | ||
| 050 | 4 |
_aPQ6623 A8.5 _bC8.2 |
|
| 100 | 1 |
_aMarías Franco, Javier, _d1951- _929128 |
|
| 245 | 1 | 0 |
_aCuando fui mortal / _cJavier Marías. |
| 260 |
_aMadrid : _bSuma de Letras, _c2000. |
||
| 300 | _a222 p. | ||
| 440 | 0 |
_aPunto de lectura ; _v4.3 |
|
| 650 | 0 |
_aCuentos españoles _912796 |
|
| 905 | _aLibro | ||
| 999 |
_c104439 _d104439 |
||